000
00220nam a2200097Ia 4500
008
240625s9999 xx 000 0 und d
041
_a
eng
082
_a
823 HOL
100
_a
HOLT FRANK L
245
_a
INTO THE LAND OF BONES
999
_c
32967
_d
32967